<?xml version="1.0" encoding="UTF-8"?>
<record
    xmlns:xsi="http://www.w3.org/2001/XMLSchema-instance"
    xsi:schemaLocation="http://www.loc.gov/MARC21/slim http://www.loc.gov/standards/marcxml/schema/MARC21slim.xsd"
    xmlns="http://www.loc.gov/MARC21/slim">

  <leader>00253nam a22000977a 4500</leader>
  <datafield tag="082" ind1=" " ind2=" ">
    <subfield code="a">954.03170223</subfield>
    <subfield code="b">MAP</subfield>
  </datafield>
  <datafield tag="245" ind1=" " ind2=" ">
    <subfield code="a">Map siege of delhi plan of the british position</subfield>
  </datafield>
  <datafield tag="526" ind1=" " ind2=" ">
    <subfield code="a">0</subfield>
    <subfield code="b">0</subfield>
    <subfield code="c">0</subfield>
    <subfield code="d">954_031702230000000_MAP</subfield>
  </datafield>
  <datafield tag="650" ind1=" " ind2=" ">
    <subfield code="a">MCE</subfield>
    <subfield code="9">379</subfield>
  </datafield>
  <datafield tag="942" ind1=" " ind2=" ">
    <subfield code="2">ddc</subfield>
    <subfield code="c">BK</subfield>
  </datafield>
  <datafield tag="999" ind1=" " ind2=" ">
    <subfield code="c">552935</subfield>
    <subfield code="d">552935</subfield>
  </datafield>
  <datafield tag="952" ind1=" " ind2=" ">
    <subfield code="0">0</subfield>
    <subfield code="1">0</subfield>
    <subfield code="2">ddc</subfield>
    <subfield code="4">0</subfield>
    <subfield code="7">0</subfield>
    <subfield code="a">MCE</subfield>
    <subfield code="b">MCE</subfield>
    <subfield code="c">Archive Section</subfield>
    <subfield code="d">2015-01-27</subfield>
    <subfield code="l">0</subfield>
    <subfield code="o">954.03170223 MAP</subfield>
    <subfield code="p">MCE-ECM/83</subfield>
    <subfield code="r">2015-01-27</subfield>
    <subfield code="w">2015-01-27</subfield>
    <subfield code="y">BK</subfield>
  </datafield>
</record>
